000 00794nam a2200205Ii 4500
003 JO-AjNU
008 230605s9999||||xx |||||||||||||| ||und||
017 _a2012/8/2960
040 _aJO-AjNU
_bara
_erda
_cJO-AjNU
041 _aara
050 1 4 _aDS119.7.M57 2012
100 3 _aالمسحال، سعيد خليل؛ تحرير عبدالله، وسام,
_eauthor
_950403
245 0 0 _aفلسطين: القضية الكونية
264 3 1 _aد.م: د.ن، 2012
300 _a260ص
_bيشتمل على ببلوغرافيا من ص(259-260)
336 _atext
_btxt
_2rdacontent
337 _aunmediated
_bn
_2rdamedia
338 _avolume
_bnc
_2rdacarrier
650 4 _aالنزاع العربي الاسرائبلي-فلسطين-تاريخ-الاحتلال الاسرائيلي 1948
_950404
999 _aA22201
_c25769
_d25769